[Event "Collado Villalba 2015"]
[Site "Collado Villalba (ESP)"]
[Date "2015.08.26"]
[Round "5.16"]
[White "Tipter, Napoleon"]
[Black "Perdomo Araujo, Angel Eduardo"]
[Result "0-1"]
[WhiteElo "2019"]
[BlackElo "1998"]
[PlyCount "68"]
[EventDate "2015.08.22"]
[EventType "swiss"]
[EventRounds "9"]
[EventCountry "ESP"]
[Source "lmi"]
[SourceDate "2015.08.22"]

1. c3 d5 2. Nf3 Nf6 3. e3 e6 4. d4 Be7 5. Bd3 O-O 6. Nbd2 c5 7. O-O Nc6 8. dxc5
Bxc5 9. b4 Bd6 10. Bb2 a6 11. Re1 e5 12. e4 Bg4 13. exd5 Nxd5 14. Ne4 Be7 15.
Be2 Nf4 16. Bc1 Nxe2+ 17. Qxe2 f5 18. Qc4+ Kh8 19. Neg5 Bxf3 20. Nxf3 e4 21.
Nd2 Ne5 22. Qe2 Nd3 23. Rd1 Qc7 24. Nb1 Nxc1 25. Rxc1 Bxb4 26. Nd2 Bd6 27. Nf1
Rae8 28. Rab1 f4 29. Qg4 e3 30. f3 e2 31. Nd2 Bc5+ 32. Kh1 Be3 33. Ne4 Bxc1 34.
Rxc1 Rxe4 0-1

[Event "Collado Villalba 2015"]
[Site "Collado Villalba (ESP)"]
[Date "2015.08.26"]
[Round "5.17"]
[White "Garcia Saez, Juan Carlos"]
[Black "Perez Vazquez, Manuel"]
[Result "1/2-1/2"]
[WhiteElo "2010"]
[BlackElo "1837"]
[PlyCount "116"]
[EventDate "2015.08.22"]
[EventType "swiss"]
[EventRounds "9"]
[EventCountry "ESP"]
[Source "lmi"]
[SourceDate "2015.08.22"]

1. c3 f5 2. d3 Nf6 3. g3 e5 4. Bg2 d5 5. Nf3 Bd6 6. O-O O-O 7. Bg5 c6 8. Nbd2
h6 9. Bxf6 Qxf6 10. Qb3 Nd7 11. e4 Nc5 12. Qc2 Nxd3 13. Qxd3 fxe4 14. Nxe4 dxe4
15. Qxe4 Bf5 16. Qe3 Bc7 17. c4 Bg4 18. Nd2 Kh8 19. Ne4 Qe7 20. c5 Rad8 21. h3
Be6 22. Qa3 Qd7 23. Qa4 Qd4 24. Qc2 Bc4 25. Rfe1 Bd3 26. Qc3 Bxe4 27. Qxd4 Rxd4
28. Bxe4 Rd2 29. f3 Rfd8 30. Rab1 Kg8 31. a3 Kf8 32. Rf1 R8d4 33. Rf2 Rxf2 34.
Kxf2 a5 35. b4 axb4 36. axb4 g5 37. Ke3 Ke7 38. f4 gxf4+ 39. gxf4 Rc4 40. f5 b6
41. Rg1 Kf7 42. Rg6 bxc5 43. Rxh6 Bd8 44. h4 cxb4 45. Bxc6 Rxh4 46. Bd5+ Kf8
47. Rg6 Rf4 48. Be6 Bh4 49. Rh6 Kg7 50. Rg6+ Kf8 51. Rg8+ Ke7 52. Rb8 Kd6 53.
Rb5 Bg5 54. Rd5+ Ke7 55. Rd7+ Ke8 56. Ke2 Be7 57. Rd5 b3 58. Rb5 Rb4 1/2-1/2

[Event "Collado Villalba 2015"]
[Site "Collado Villalba (ESP)"]
[Date "2015.08.26"]
[Round "5.18"]
[White "Torres Samper, Rafael"]
[Black "Rodriguez Izquierdo, Luis"]
[Result "1-0"]
[WhiteElo "1971"]
[BlackElo "1854"]
[PlyCount "49"]
[EventDate "2015.08.22"]
[EventType "swiss"]
[EventRounds "9"]
[EventCountry "ESP"]
[Source "lmi"]
[SourceDate "2015.08.22"]

1. e4 c5 2. Nf3 e6 3. d4 cxd4 4. Nxd4 Nf6 5. Nc3 Nc6 6. Be3 Bb4 7. f3 d5 8. Bb5
Bd7 9. Bxc6 Bxc6 10. e5 Nd7 11. f4 Qh4+ 12. g3 Qh3 13. Qd2 Nc5 14. Nxc6 bxc6
15. Qd4 Qg2 16. O-O-O Na6 17. Rhg1 Qxh2 18. Ne4 O-O 19. Ng5 h6 20. Qd3 g6 21.
Rh1 Qxg3 22. Rdg1 Nc5 23. Qe2 Qxg1+ 24. Bxg1 hxg5 25. Qh2 1-0

[Event "Collado Villalba 2015"]
[Site "Collado Villalba (ESP)"]
[Date "2015.08.26"]
[Round "5.19"]
[White "Porras Fernandez, Alberto"]
[Black "Aguilera Lopez, Alejandro"]
[Result "1-0"]
[WhiteElo "1802"]
[BlackElo "1999"]
[PlyCount "119"]
[EventDate "2015.08.22"]
[EventType "swiss"]
[EventRounds "9"]
[EventCountry "ESP"]
[Source "lmi"]
[SourceDate "2015.08.22"]

1. e4 c5 2. Nf3 e6 3. d4 cxd4 4. Nxd4 Nf6 5. Nc3 Nc6 6. a3 a6 7. Be3 Be7 8. Be2
O-O 9. O-O Qc7 10. Kh1 b5 11. f4 Bb7 12. Bd3 Rfe8 13. e5 Nxd4 14. Bxd4 Nd5 15.
Qh5 g6 16. Qg4 Bc5 17. Bxc5 Qxc5 18. Ne4 Qe7 19. Qg3 f5 20. Nd6 Rab8 21. c4
bxc4 22. Bxc4 Ba8 23. b4 a5 24. Bxd5 Bxd5 25. b5 Kh8 26. Rac1 Rg8 27. Qg5 Qxg5
28. fxg5 Kg7 29. Rc7 Rgd8 30. Rfc1 Kf8 31. Ra7 Ke7 32. Rcc7 Ra8 33. Rxa8 Rxa8
34. b6 Kd8 35. Kg1 a4 36. g3 Bc6 37. Kf2 Bd5 38. Ke3 Bc6 39. Kd4 Bf3 40. Kc5
Bg2 41. Nb5 Rb8 42. Ra7 Rc8+ 43. Nc7 Bc6 44. Kb4 Rb8 45. Ka5 Bf3 46. Na6 Rb7
47. Rxb7 Bxb7 48. Nc5 Bc6 49. Nxa4 d6 50. exd6 Kd7 51. Nc5+ Kxd6 52. b7 Bxb7
53. Nxb7+ Kd5 54. Kb4 Kd4 55. Nd8 e5 56. Nc6+ Kd5 57. Nxe5 Kxe5 58. Kc5 Ke6 59.
Kc6 Ke7 60. a4 1-0

[Event "Collado Villalba 2015"]
[Site "Collado Villalba (ESP)"]
[Date "2015.08.26"]
[Round "5.20"]
[White "Garcia Galeote, Lorenzo"]
[Black "Cabrera Jimenez, Julio"]
[Result "0-1"]
[WhiteElo "1973"]
[BlackElo "1801"]
[PlyCount "166"]
[EventDate "2015.08.22"]
[EventType "swiss"]
[EventRounds "9"]
[EventCountry "ESP"]
[Source "lmi"]
[SourceDate "2015.08.22"]

1. d4 Nf6 2. c4 e6 3. Nc3 Bb4 4. a3 Bxc3+ 5. bxc3 O-O 6. e3 c5 7. Bd3 d5 8.
cxd5 exd5 9. Ne2 Qc7 10. O-O b6 11. Ng3 Ba6 12. Bxa6 Nxa6 13. Qe2 c4 14. e4
Nxe4 15. Nxe4 dxe4 16. Qxe4 Rae8 17. Qf3 Qd7 18. Bf4 Re6 19. Rfe1 Rf6 20. Re4
Nc7 21. Qe2 Nd5 22. Bd2 b5 23. Re5 Re6 24. Re1 Rxe5 25. Qxe5 a6 26. h3 Nf6 27.
Qg3 Kh8 28. Re5 Qd6 29. Bc1 Qd7 30. Qf3 Re8 31. Qe3 Rxe5 32. Qxe5 Qe6 33. Qb8+
Ng8 34. Be3 h6 35. Qd8 Qe7 36. Qa5 Qd6 37. Qb4 Qxb4 38. axb4 Nf6 39. Bd2 Nd5
40. g4 f6 41. Kg2 Kg8 42. Kf3 Kf7 43. Ke4 Ke6 44. h4 g6 45. f4 f5+ 46. gxf5+
gxf5+ 47. Kf3 h5 48. Be1 Kd6 49. Bd2 Kc6 50. Ke2 Kb6 51. Kd1 a5 52. bxa5+ Kxa5
53. Kc2 Nf6 54. Bc1 Nd5 55. Bd2 Ne7 56. Be1 Kb6 57. Kd2 Kc6 58. Ke2 Kd5 59. Ke3
Nc6 60. Kf3 Na5 61. Ke3 Nb3 62. Bf2 Nc1 63. Be1 Nb3 64. Bf2 Na1 65. Kf3 Nc2 66.
Be3 b4 67. cxb4 Nxb4 68. Bd2 Nc2 69. Bc3 Nxd4+ 70. Ke3 Nb5 71. Be5 Kc5 72. Kd2
Kd5 73. Ke3 Na7 74. Bc3 Nc6 75. Kf3 Ne7 76. Bf6 Ng6 77. Ke3 Kc5 78. Bg5 Kb4 79.
Kd2 Kb3 80. Bf6 Nxf4 81. Bd4 Nd5 82. Be5 f4 83. Ke2 c3 0-1

[Event "Collado Villalba 2015"]
[Site "Collado Villalba (ESP)"]
[Date "2015.08.26"]
[Round "5.21"]
[White "Ojosnegros Martin, Angel"]
[Black "Movilla Calleja, David"]
[Result "0-1"]
[WhiteElo "1484"]
[BlackElo "1890"]
[PlyCount "104"]
[EventDate "2015.08.22"]
[EventType "swiss"]
[EventRounds "9"]
[EventCountry "ESP"]
[Source "lmi"]
[SourceDate "2015.08.22"]

1. e4 e6 2. Nf3 d5 3. exd5 exd5 4. d4 Bd6 5. c4 c6 6. Bd3 Ne7 7. Bg5 O-O 8. O-O
f6 9. Bh4 Na6 10. a3 Bf5 11. Bg3 Bxg3 12. hxg3 Bxd3 13. Qxd3 dxc4 14. Qxc4+ Qd5
15. Qc2 Rad8 16. Nc3 Qd7 17. Rad1 Nc7 18. Rfe1 Rfe8 19. Qb3+ Ncd5 20. Re4 Kf8
21. Rde1 Nxc3 22. bxc3 Nd5 23. Rxe8+ Rxe8 24. Rxe8+ Kxe8 25. c4 Ne7 26. Qe3 Kf7
27. Kf1 Nc8 28. Qf4 Kg8 29. Qe3 Nd6 30. Qb3 Qf7 31. Nd2 g6 32. a4 Kg7 33. Qd3
Qe7 34. f3 Nf5 35. Kf2 Qd6 36. Ne4 Qxd4+ 37. Qxd4 Nxd4 38. Nd6 Kf8 39. Nxb7 Ke7
40. Nc5 Ne6 41. Nd3 Kd6 42. Ke3 Nc5 43. Nb2 Nb3 44. Ke4 Kc5 45. Kd3 Kb4 46. g4
a5 47. g3 Nc5+ 48. Kd4 Nxa4 49. Nxa4 Kxa4 50. Kc3 Ka3 51. f4 Ka2 52. c5 Ka3 0-1

[Event "Collado Villalba 2015"]
[Site "Collado Villalba (ESP)"]
[Date "2015.08.27"]
[Round "6.1"]
[White "Perez Mitjans, Orelvis"]
[Black "Aranda Marin, Cristian"]
[Result "1-0"]
[WhiteElo "2434"]
[BlackElo "2368"]
[PlyCount "73"]
[EventDate "2015.08.22"]
[EventType "swiss"]
[EventRounds "9"]
[EventCountry "ESP"]
[Source "lmi"]
[SourceDate "2015.08.22"]

1. e4 d6 2. d4 Nf6 3. Nc3 c6 4. f3 Qb6 5. Bc4 e6 6. Bb3 d5 7. Bg5 Be7 8. e5 Ng8
9. Qd2 h6 10. Be3 Na6 11. Nge2 Qa5 12. O-O Bd7 13. Kh1 h5 14. Bg5 Qd8 15. Bxe7
Qxe7 16. Nd1 Nh6 17. Ne3 h4 18. c3 f5 19. exf6 gxf6 20. Nf4 Qg7 21. Bc2 Nf7 22.
c4 dxc4 23. b3 cxb3 24. axb3 Nc7 25. Qb4 Nb5 26. Ng6 O-O-O 27. Nxh8 Rxh8 28.
Bd3 h3 29. g3 Nfd6 30. Nc4 Ne8 31. Nb2 Kb8 32. Bxb5 cxb5 33. Qa5 a6 34. Nd3 Qh7
35. Qd8+ Ka7 36. Nb4 Nd6 37. Qc7 1-0

[Event "Collado Villalba 2015"]
[Site "Collado Villalba (ESP)"]
[Date "2015.08.27"]
[Round "6.2"]
[White "Martinez Reyes, Pedro Ramon"]
[Black "Moreno Ruiz, Javier"]
[Result "1-0"]
[WhiteElo "2349"]
[BlackElo "2467"]
[PlyCount "111"]
[EventDate "2015.08.22"]
[EventType "swiss"]
[EventRounds "9"]
[EventCountry "ESP"]
[Source "lmi"]
[SourceDate "2015.08.22"]

1. e4 e5 2. Nf3 Nc6 3. d4 exd4 4. Nxd4 Bb4+ 5. c3 Bc5 6. Be3 Bb6 7. Bc4 Nf6 8.
Nxc6 bxc6 9. e5 Nd5 10. Bxd5 cxd5 11. Qg4 Kf8 12. O-O d6 13. Qg3 dxe5 14. Qxe5
f6 15. Qh5 Bxe3 16. fxe3 Rb8 17. b4 Qe7 18. Qf3 Bb7 19. Qf4 Re8 20. Re1 c5 21.
Nd2 g5 22. Qf2 Kg7 23. Nb3 cxb4 24. Nd4 Bc8 25. cxb4 Rhf8 26. b5 Bd7 27. a4 Rb8
28. Qa2 Qe4 29. Qa3 Rf7 30. Qd6 Rc8 31. a5 Qe5 32. Qa3 h5 33. Rac1 Rb8 34. Rc5
h4 35. Qb3 h3 36. Qxd5 Qxd5 37. Rxd5 hxg2 38. Kxg2 Bc8 39. Rc5 Bb7+ 40. Kg1 Be4
41. Rec1 Kg6 42. Rc7 Rxc7 43. Rxc7 Bd3 44. a6 Re8 45. Rxa7 Rxe3 46. Rc7 Re1+
47. Kf2 Ra1 48. a7 f5 49. b6 Be4 50. b7 Ra2+ 51. Ke1 Ra1+ 52. Kd2 Ra2+ 53. Kc3
Bxb7 54. Rxb7 f4 55. Nc6 g4 56. Rb8 1-0

[Event "Collado Villalba 2015"]
[Site "Collado Villalba (ESP)"]
[Date "2015.08.27"]
[Round "6.3"]
[White "Longa Yauca, Javier"]
[Black "Lianes Garcia, Marcos"]
[Result "1-0"]
[WhiteElo "2255"]
[BlackElo "2059"]
[PlyCount "147"]
[EventDate "2015.08.22"]
[EventType "swiss"]
[EventRounds "9"]
[EventCountry "ESP"]
[Source "lmi"]
[SourceDate "2015.08.22"]

1. d4 g6 2. Nf3 Bg7 3. e4 c5 4. c3 cxd4 5. cxd4 d5 6. e5 Nc6 7. Nc3 Nh6 8. h3
O-O 9. Bb5 e6 10. Bg5 Qc7 11. Qd2 Nf5 12. Bxc6 bxc6 13. g4 Ne7 14. Bf6 h6 15.
Rc1 Kh7 16. h4 Rh8 17. Na4 Rb8 18. b3 Kg8 19. Qf4 Ba6 20. Nc5 Re8 21. Bxg7 Kxg7
22. Qf6+ Kg8 23. Nd2 Bc8 24. a4 Qa5 25. Ke2 Rh7 26. Ke3 Qd8 27. h5 Kf8 28. Nd3
Bd7 29. Rc5 Ng8 30. Qxd8 Rxd8 31. b4 Ne7 32. Ra5 Ra8 33. Nc5 Bc8 34. b5 cxb5
35. axb5 Rb8 36. Nb1 gxh5 37. Rxh5 Kg7 38. Nc3 Ra8 39. Na2 a6 40. Nb4 Rh8 41.
bxa6 Ra7 42. Rb5 Bxa6 43. Nbxa6 Rha8 44. Nb4 Ra3+ 45. Nbd3 Nc6 46. g5 Ne7 47.
Rb7 Nf5+ 48. Kf4 Kg6 49. Rxh6+ Nxh6 50. gxh6 Rh8 51. Kg4 Rxd3 52. Nxd3 Rxh6 53.
Nf4+ Kg7 54. f3 Kf8 55. Kg5 Rh1 56. Nh5 Rg1+ 57. Kf4 Kg8 58. Rb8+ Kh7 59. Rf8
Rd1 60. Nf6+ Kg7 61. Rg8+ Kh6 62. Ng4+ Kh7 63. Rb8 Kg6 64. Rb4 Rd3 65. Nf2 Ra3
66. Kg4 Rc3 67. Nh3 f5+ 68. Kf4 Rc6 69. Ng5 Kg7 70. Rb7+ Kf8 71. Nh7+ Kg8 72.
Kg5 f4 73. Kg6 Rc8 74. Nf6+ 1-0

[Event "Collado Villalba 2015"]
[Site "Collado Villalba (ESP)"]
[Date "2015.08.27"]
[Round "6.5"]
[White "Bermejo Arruego, Luis"]
[Black "Jordana Vargas, Julio"]
[Result "1-0"]
[WhiteElo "2167"]
[BlackElo "1998"]
[PlyCount "46"]
[EventDate "2015.08.22"]
[EventType "swiss"]
[EventRounds "9"]
[EventCountry "ESP"]
[Source "lmi"]
[SourceDate "2015.08.22"]

1. e4 c5 2. Nf3 Nc6 3. Bb5 g6 4. Bxc6 bxc6 5. O-O Bg7 6. d3 Nf6 7. h3 O-O 8. e5
Nd5 9. c4 Nc7 10. Nc3 Ne6 11. Be3 d6 12. exd6 exd6 13. d4 cxd4 14. Nxd4 Qc7 15.
b3 Qa5 16. Rc1 Nxd4 17. Bxd4 Bh6 18. Ne4 f5 19. Bc3 Qb6 20. Nf6+ Rxf6 21. Bxf6
Bxc1 22. Qxc1 Be6 23. Ba1 Qc5 1-0

[Event "Collado Villalba 2015"]
[Site "Collado Villalba (ESP)"]
[Date "2015.08.27"]
[Round "6.6"]
[White "Hernando Pertierra, Jose C"]
[Black "Elissalt Cardenas, Hector"]
[Result "1/2-1/2"]
[WhiteElo "2385"]
[BlackElo "2350"]
[PlyCount "63"]
[EventDate "2015.08.22"]
[EventType "swiss"]
[EventRounds "9"]
[EventCountry "ESP"]
[Source "lmi"]
[SourceDate "2015.08.22"]

1. d4 Nf6 2. c4 e6 3. e3 b6 4. Nc3 Bb7 5. Nf3 Bb4 6. Bd2 O-O 7. Bd3 Bxc3 8.
Bxc3 Ne4 9. Bxe4 Bxe4 10. d5 f6 11. Nd2 Bg6 12. O-O c5 13. e4 e5 14. b4 cxb4
15. Bxb4 d6 16. Qa4 Rf7 17. f4 exf4 18. Rxf4 a5 19. Ba3 Na6 20. Rb1 Nc5 21.
Bxc5 dxc5 22. Qc6 Rb8 23. Qe6 Kh8 24. Rb3 Re7 25. Qg4 Qd6 26. h4 a4 27. Re3
Rbe8 28. Qg3 Qd7 29. Qh3 Qd6 30. Qg3 Qd7 31. Qh3 Qd6 32. Qg3 1/2-1/2

[Event "Collado Villalba 2015"]
[Site "Collado Villalba (ESP)"]
[Date "2015.08.27"]
[Round "6.7"]
[White "Semprun Martinez, Fernando"]
[Black "Cortes Jurado, Rafael"]
[Result "1-0"]
[WhiteElo "2215"]
[BlackElo "2073"]
[PlyCount "71"]
[EventDate "2015.08.22"]
[EventType "swiss"]
[EventRounds "9"]
[EventCountry "ESP"]
[Source "lmi"]
[SourceDate "2015.08.22"]

1. e4 e5 2. Nf3 Nf6 3. Nxe5 d6 4. Nf3 Nxe4 5. c4 Be7 6. d4 d5 7. Nc3 Nf6 8.
cxd5 Nxd5 9. Bc4 c6 10. Qb3 Bb4 11. O-O Bxc3 12. bxc3 O-O 13. Ba3 Re8 14. Rae1
Re6 15. Rxe6 fxe6 16. Re1 Nd7 17. Qc2 N7f6 18. Ng5 Qa5 19. Bb2 Nf4 20. Ne4 Nxe4
21. Qxe4 Nd5 22. Qe5 Bd7 23. Bb3 Rf8 24. h3 Qd8 25. c4 Rf5 26. Qd6 Nf4 27. Bc1
Nd3 28. Rf1 Nxc1 29. Rxc1 Qg5 30. Rf1 Rf7 31. Qb8+ Rf8 32. Qxb7 Bc8 33. Qxc6
Qf4 34. c5 Qf7 35. d5 Kh8 36. dxe6 1-0

[Event "Collado Villalba 2015"]
[Site "Collado Villalba (ESP)"]
[Date "2015.08.27"]
[Round "6.8"]
[White "Martin Carmona, Gaston Manuel"]
[Black "Sanz Castillo, Santiago"]
[Result "1-0"]
[WhiteElo "2068"]
[BlackElo "2197"]
[PlyCount "59"]
[EventDate "2015.08.22"]
[EventType "swiss"]
[EventRounds "9"]
[EventCountry "ESP"]
[Source "lmi"]
[SourceDate "2015.08.22"]

1. e4 e6 2. d4 d5 3. Nc3 Bb4 4. e5 c5 5. a3 Ba5 6. b4 cxd4 7. Qg4 Ne7 8. bxa5
dxc3 9. Qxg7 Rg8 10. Qxh7 Qc7 11. f4 Bd7 12. Nf3 Nbc6 13. Qd3 Nf5 14. Rb1 d4
15. Rg1 O-O-O 16. a6 b6 17. g4 Ne3 18. Bxe3 dxe3 19. Qxc3 f6 20. Qxe3 fxe5 21.
fxe5 Na5 22. c4 Bc6 23. Be2 Bxf3 24. Qxf3 Kb8 25. Qe3 Rc8 26. Rb5 Qe7 27. Rxb6+
axb6 28. Qxb6+ Nb7 29. Bf3 Rc7 30. Bxb7 1-0

[Event "Collado Villalba 2015"]
[Site "Collado Villalba (ESP)"]
[Date "2015.08.27"]
[Round "6.9"]
[White "De La Orden Alcocer, Alejandro"]
[Black "Pastor Alonso De Prado, Albert"]
[Result "1/2-1/2"]
[WhiteElo "2006"]
[BlackElo "2167"]
[PlyCount "83"]
[EventDate "2015.08.22"]
[EventType "swiss"]
[EventRounds "9"]
[EventCountry "ESP"]
[Source "lmi"]
[SourceDate "2015.08.22"]

1. Nf3 d5 2. c4 e6 3. g3 Nf6 4. Bg2 Be7 5. O-O O-O 6. b3 b6 7. Bb2 Bb7 8. Nc3
Nbd7 9. cxd5 Nxd5 10. Nxd5 Bxd5 11. Qc2 Bf6 12. Bxf6 Nxf6 13. d4 Rc8 14. Rfd1
c5 15. dxc5 Rxc5 16. Qb2 Qc7 17. Rac1 Rc8 18. Rxc5 Qxc5 19. Nd4 Bxg2 20. Kxg2
Qd5+ 21. f3 Rd8 22. Rd3 Qb7 23. Qd2 g6 24. Qg5 e5 25. Qxf6 Rxd4 26. Rxd4 exd4
27. Qd8+ Kg7 28. Qxd4+ Kg8 29. h4 Qa6 30. Qd2 Qb5 31. Qd3 Qa5 32. a4 h5 33. Kf2
Qc5+ 34. Qe3 Qd6 35. a5 bxa5 36. Qxa7 Qb4 37. Qa8+ Kg7 38. Qd5 Qb6+ 39. e3 Qc7
40. f4 Qc2+ 41. Kf3 f5 42. Qxa5 1/2-1/2

[Event "Collado Villalba 2015"]
[Site "Collado Villalba (ESP)"]
[Date "2015.08.27"]
[Round "6.10"]
[White "Perdomo Araujo, Angel Eduardo"]
[Black "Palenciano Escolar, Adrian"]
[Result "1-0"]
[WhiteElo "1998"]
[BlackElo "2120"]
[PlyCount "107"]
[EventDate "2015.08.22"]
[EventType "swiss"]
[EventRounds "9"]
[EventCountry "ESP"]
[Source "lmi"]
[SourceDate "2015.08.22"]

1. a3 e5 2. e3 d5 3. d4 exd4 4. exd4 Nf6 5. Bd3 c5 6. dxc5 Bxc5 7. Nf3 O-O 8.
O-O Bg4 9. Nc3 Nbd7 10. Be2 Re8 11. Bg5 h6 12. Bh4 Qb6 13. Na4 Qc6 14. Nxc5
Qxc5 15. c3 Re4 16. Bg3 Rae8 17. Bd3 R4e6 18. Bf4 Ne4 19. Be3 Qe7 20. h3 Bh5
21. g4 Bg6 22. Bd4 f5 23. c4 fxg4 24. hxg4 Bf7 25. Nd2 Ne5 26. Bxe5 Rxe5 27. f4
Qh4 28. Nxe4 dxe4 29. Be2 Qg3+ 30. Kh1 R5e7 31. Rc1 e3 32. Qd3 Re4 33. Qd6 Qh3+
34. Kg1 Qg3+ 35. Kh1 Qh4+ 36. Kg2 Rd8 37. Qc5 Be6 38. Qh5 Qf6 39. g5 hxg5 40.
fxg5 Qxb2 41. g6 Qxe2+ 42. Qxe2 Rd2 43. Kf3 Rxe2 44. Kxe4 Rg2 45. Rg1 Rxg1 46.
Rxg1 Bxc4 47. Kxe3 Kf8 48. Kd4 b5 49. Re1 Bb3 50. Re2 Bc4 51. Re3 Ba2 52. Kc5
Bc4 53. Kd6 a5 54. Kd7 1-0

[Event "Collado Villalba 2015"]
[Site "Collado Villalba (ESP)"]
[Date "2015.08.27"]
[Round "6.11"]
[White "Cao Armillas, Jesus"]
[Black "Martin Martin, Luis Vicente"]
[Result "1-0"]
[WhiteElo "2090"]
[BlackElo "1933"]
[PlyCount "73"]
[EventDate "2015.08.22"]
[EventType "swiss"]
[EventRounds "9"]
[EventCountry "ESP"]
[Source "lmi"]
[SourceDate "2015.08.22"]

1. Nf3 Nf6 2. c4 c6 3. Nc3 d5 4. e3 Bg4 5. h3 Bh5 6. Qb3 Qb6 7. g4 Bg6 8. cxd5
Qxb3 9. axb3 Nxd5 10. Nxd5 cxd5 11. Bb5+ Kd8 12. Ne5 f6 13. Nxg6 hxg6 14. h4
Nd7 15. d4 e6 16. Bd2 g5 17. h5 Bd6 18. Ke2 Ke7 19. Bd3 a6 20. b4 Rhf8 21. f3
Rac8 22. h6 gxh6 23. Rxh6 Rh8 24. Rah1 Rxh6 25. Rxh6 Nf8 26. f4 gxf4 27. exf4
Rc6 28. g5 fxg5 29. fxg5 Kf7 30. g6+ Kg8 31. Bg5 Kg7 32. Rh1 e5 33. Bh6+ Kg8
34. Bf5 Bxb4 35. dxe5 Nxg6 36. e6 Nf8 37. Rg1+ 1-0

[Event "Collado Villalba 2015"]
[Site "Collado Villalba (ESP)"]
[Date "2015.08.27"]
[Round "6.12"]
[White "Garcia Paolicchi, Raul"]
[Black "Camarero Izquierdo, Juan Carlo"]
[Result "1-0"]
[WhiteElo "2148"]
[BlackElo "1931"]
[PlyCount "31"]
[EventDate "2015.08.22"]
[EventType "swiss"]
[EventRounds "9"]
[EventCountry "ESP"]
[Source "lmi"]
[SourceDate "2015.08.22"]

1. d4 f5 2. Nc3 e6 3. e4 Bb4 4. exf5 Bxc3+ 5. bxc3 exf5 6. Bd3 d5 7. Qh5+ g6 8.
Qe2+ Kf7 9. Nf3 Nc6 10. O-O Nf6 11. c4 Re8 12. Qd1 Ne4 13. cxd5 Qxd5 14. c4 Qd6
15. Bb2 f4 16. Bxe4 1-0

[Event "Collado Villalba 2015"]
[Site "Collado Villalba (ESP)"]
[Date "2015.08.27"]
[Round "6.13"]
[White "Antonano Fedz-Quincoces, Aveli"]
[Black "Torres Samper, Rafael"]
[Result "0-1"]
[WhiteElo "1970"]
[BlackElo "1971"]
[PlyCount "64"]
[EventDate "2015.08.22"]
[EventType "swiss"]
[EventRounds "9"]
[EventCountry "ESP"]
[Source "lmi"]
[SourceDate "2015.08.22"]

1. e4 c5 2. Nf3 d6 3. d4 cxd4 4. Nxd4 Nf6 5. Nc3 a6 6. Bc4 e6 7. O-O b5 8. Bb3
Bb7 9. Re1 Nbd7 10. Bxe6 fxe6 11. Nxe6 Qb8 12. Nd5 Bxd5 13. exd5 Kf7 14. Qe2 h6
15. Bf4 Kg8 16. Rad1 Qb6 17. b4 a5 18. a3 axb4 19. axb4 Rc8 20. Nd4 Rc4 21.
Qe6+ Kh7 22. Be3 Qb7 23. Nf5 Re4 24. Qf7 Nc5 25. Qxb7 Nxb7 26. Bd4 Rxe1+ 27.
Rxe1 Nxd5 28. c3 Rg8 29. Re8 g6 30. Rb8 gxf5 31. Rxb7+ Bg7 32. Rxb5 Nxc3 0-1

[Event "Collado Villalba 2015"]
[Site "Collado Villalba (ESP)"]
[Date "2015.08.27"]
[Round "6.14"]
[White "Lopez Heras, Arturo"]
[Black "Perez De Villar Munoz, Eusebio"]
[Result "0-1"]
[WhiteElo "1861"]
[BlackElo "1970"]
[PlyCount "74"]
[EventDate "2015.08.22"]
[EventType "swiss"]
[EventRounds "9"]
[EventCountry "ESP"]
[Source "lmi"]
[SourceDate "2015.08.22"]

1. e4 e5 2. Nf3 Nf6 3. Nxe5 d6 4. Nf3 Nxe4 5. Nc3 Nxc3 6. dxc3 Be7 7. Be3 Nc6
8. Qd2 a6 9. Be2 Bf5 10. h3 Qd7 11. O-O-O h5 12. Nd4 Be4 13. f3 Bg6 14. Rhe1
Bf6 15. Bd3 O-O-O 16. Bxg6 fxg6 17. Qd3 Ne5 18. Qf1 Rde8 19. f4 Nc6 20. Qd3
Nxd4 21. Bxd4 Bxd4 22. Qxd4 Kb8 23. Re4 Re7 24. Qd3 Rxe4 25. Qxe4 Qf5 26. Re1
Qf6 27. g3 g5 28. f5 g6 29. Qd4 Qxd4 30. cxd4 gxf5 31. Re7 h4 32. Rg7 hxg3 33.
Rxg5 f4 34. Kd2 Rxh3 35. Ke2 Rh2+ 36. Kf3 Rf2+ 37. Ke4 g2 0-1

[Event "Collado Villalba 2015"]
[Site "Collado Villalba (ESP)"]
[Date "2015.08.27"]
[Round "6.15"]
[White "Aziz Ortego, Omar Luis"]
[Black "Montiel Miguelez, Manuel"]
[Result "1-0"]
[WhiteElo "2123"]
[BlackElo "1854"]
[PlyCount "81"]
[EventDate "2015.08.22"]
[EventType "swiss"]
[EventRounds "9"]
[EventCountry "ESP"]
[Source "lmi"]
[SourceDate "2015.08.22"]

1. e4 c5 2. c4 d6 3. Ne2 Nf6 4. Nbc3 Nc6 5. d4 cxd4 6. Nxd4 e6 7. Nc2 Be7 8.
Be3 a6 9. Be2 O-O 10. O-O Bd7 11. f4 Qa5 12. a3 Qc7 13. Rc1 Rac8 14. b4 Qb8 15.
g4 h6 16. Qe1 Na7 17. Qd2 Bc6 18. Qd4 b6 19. Qxb6 Qxb6 20. Bxb6 Ra8 21. Bf3 Nc8
22. Bf2 Rb8 23. Rfd1 Nb6 24. Ne3 Na4 25. Nxa4 Bxa4 26. Re1 Bc6 27. Nd5 Bd8 28.
e5 dxe5 29. Nxf6+ Bxf6 30. Bxc6 exf4 31. Bc5 Rfd8 32. Rcd1 Bc3 33. Rf1 e5 34.
Rd5 g5 35. Rfd1 Rxd5 36. Rxd5 e4 37. Kf2 Bb2 38. b5 axb5 39. cxb5 Re8 40. Rd6
Kh7 41. Bxe4+ 1-0

[Event "Collado Villalba 2015"]
[Site "Collado Villalba (ESP)"]
[Date "2015.08.27"]
[Round "6.16"]
[White "Erice Alonso, Santiago"]
[Black "Perez Vazquez, Manuel"]
[Result "1/2-1/2"]
[WhiteElo "2013"]
[BlackElo "1837"]
[PlyCount "99"]
[EventDate "2015.08.22"]
[EventType "swiss"]
[EventRounds "9"]
[EventCountry "ESP"]
[Source "lmi"]
[SourceDate "2015.08.22"]

1. e4 d6 2. d4 Nf6 3. Nc3 g6 4. f4 Bg7 5. Nf3 O-O 6. e5 dxe5 7. dxe5 Qxd1+ 8.
Nxd1 Nd5 9. Bc4 Nb6 10. Bb3 Nc6 11. Bd2 Bg4 12. c3 Bxf3 13. gxf3 e6 14. Nf2
Rfd8 15. O-O-O Na5 16. Be3 Nxb3+ 17. axb3 Nd5 18. Bd2 Bh6 19. Nh3 a5 20. Ng5
Bf8 21. Rhe1 Ne7 22. Kc2 Nf5 23. Bc1 Be7 24. Rd3 Rxd3 25. Kxd3 Rd8+ 26. Ke2 Kg7
27. Ne4 b6 28. Be3 h6 29. Bf2 Kf8 30. Rd1 Rxd1 31. Kxd1 Ke8 32. Ke2 Kd7 33. Kd3
Kc6 34. Kc4 Bh4 35. Kd3 Bxf2 36. Nxf2 b5 37. Ke4 Kb6 38. Nd3 c5 39. b4 axb4 40.
cxb4 cxb4 41. Nxb4 Kc5 42. Na2 b4 43. b3 Ne7 44. Nc1 Nd5 45. Nd3+ Kb6 46. Nb2
Nc3+ 47. Kd3 Nd5 48. Ke4 Nc3+ 49. Kd3 Nd5 50. Ke4 1/2-1/2